• 首页
  • 本馆介绍
  • 公告通知
  • 最新文献
  • 馆藏检索
  • 电子资源
  • 读者导购
  • 参考咨询
  • 我的图书馆
  • 登录
  • 详细信息显示
  • 放入我的书架
  • 预约/预借图书
  • 作者相关作品
  • 分类相关作品
  • 丛书相关作品
  • 出版社相关作品

书目信息

  • 表格格式
  • 工作单格式
  • 卡片格式
题名:
向世界零售巨头沃尔玛学应变之道
    
 
作者: 罗伯茨 , 伯格 著 ;崔璇 译
分册:  
出版信息: 北京   中国电力出版社  2014.09
页数: 309页
开本: 24cm
丛书名: 电商时代必读书系
单 册:
中图分类: F737.124.2
科图分类:
主题词: 零售业--ling shou ye--连锁超市--商业经营--经验--美国
电子资源:
ISBN: 978-7-5123-5938-3
000 01272nam 2200289 450
001 2328956015
005 20231124080249.43
010    @a978-7-5123-5938-3@dCNY38.00
100    @a20140917d2014 em y0chiy50 ea
101 1  @achi@ceng
102    @aCN@b110000
105    @ay z 000yy
200 1  @a向世界零售巨头沃尔玛学应变之道@Axiang shi jie ling shou ju tou wo er ma xue ying bian zhi dao@f(英) 布莱恩·罗伯茨, 娜塔莉·伯格著@g崔璇译
210    @a北京@c中国电力出版社@d2014.09
215    @a309页@d24cm
225 2  @a电商时代必读书系@Adian shang shi dai bi du shu xi
312    @a英文题名取自版权页
330    @a本书聚焦沃尔玛如何成为一个全球零售行业的奇迹, 同时还研究它如何纠正错误, 从而继续保持领先的地位。沃尔玛虽然创造了诸多零售行业规则, 如采购、后勤、系统和存储模式创新, 这个零售巨头如今还是面对着很多未来发展的问题。
410  0 @12001 @a电商时代必读书系
500 10 @aWalmart : key insights and practical lessons from the world's largest retailer@mChinese
606 0  @a零售业@Aling shou ye@x连锁超市@x商业经营@x经验@y美国
690    @aF737.124.2@v5
701  1 @a罗伯茨@Aluo bo ci@g(Roberts, Bryan)@4著
701  1 @a伯格@Abo ge@g(Berg, Natalie)@4著
702  0 @a崔璇@Acui xuan@4译
801  0 @aCN@b人天书店@c20140917
905    @aBZT@dF737.124.2@e6
    
    向世界零售巨头沃尔玛学应变之道/(英) 布莱恩·罗伯茨, 娜塔莉·伯格著/崔璇译.-北京:中国电力出版社,2014.09
    309页;24cm.-(电商时代必读书系)
    
    
    ISBN 978-7-5123-5938-3:CNY38.00
    本书聚焦沃尔玛如何成为一个全球零售行业的奇迹, 同时还研究它如何纠正错误, 从而继续保持领先的地位。沃尔玛虽然创造了诸多零售行业规则, 如采购、后勤、系统和存储模式创新, 这个零售巨头如今还是面对着很多未来发展的问题。
●
相关链接 在五车中查询图书 在当当中查询图书 在豆瓣中查询图书


正题名:向世界零售巨头沃尔玛学应变之道     索取号:F737.124.2/6         预约/预借

序号 登录号 条形码 馆藏地/架位号 状态 备注
1 2001108863   2001108863   东辅楼二楼书库/ [索取号:F737.124.2/6] 在馆    
2 2001108864   2001108864   东辅楼二楼书库/ [索取号:F737.124.2/6] 在馆    
3 2001108865   2001108865   东辅楼二楼书库/ [索取号:F737.124.2/6] 在馆    
4 2001108866   2001108866   东辅楼二楼书库/ [索取号:F737.124.2/6] 在馆    
5 2001108867   2001108867   东辅楼二楼书库/ [索取号:F737.124.2/6] 在馆    
6 2001108868   2001108868   东辅楼二楼书库/ [索取号:F737.124.2/6] 在馆    
7 2001108869   2001108869   东辅楼二楼书库/ [索取号:F737.124.2/6] 在馆    
8 2001108870   2001108870   东辅楼二楼书库/ [索取号:F737.124.2/6] 在馆    
9 2001108871   2001108871   东辅楼二楼书库/ [索取号:F737.124.2/6] 在馆    
10 2001108872   2001108872   东辅楼二楼书库/ [索取号:F737.124.2/6] 在馆    
11 2001108873   2001108873   东辅楼二楼书库/ [索取号:F737.124.2/6] 在馆    
12 2001108874   2001108874   东辅楼二楼书库/ [索取号:F737.124.2/6] 在馆    
13 2001108875   2001108875   东辅楼二楼书库/ [索取号:F737.124.2/6] 在馆    
14 2001108876   2001108876   东辅楼二楼书库/ [索取号:F737.124.2/6] 在馆    
15 2001108877   2001108877   东辅楼二楼书库/ [索取号:F737.124.2/6] 在馆    
16 2001108878   2001108878   东辅楼二楼书库/ [索取号:F737.124.2/6] 在馆    
17 2001108879   2001108879   东辅楼二楼书库/ [索取号:F737.124.2/6] 在馆    
18 2001108880   2001108880   东辅楼二楼书库/ [索取号:F737.124.2/6] 在馆    
19 2001108881   2001108881   东辅楼二楼书库/ [索取号:F737.124.2/6] 在馆    
20 2001108882   2001108882   东辅楼二楼书库/ [索取号:F737.124.2/6] 在馆    
21 2001108883   2001108883   东辅楼二楼书库/ [索取号:F737.124.2/6] 在馆    
22 2001108884   2001108884   东辅楼二楼书库/ [索取号:F737.124.2/6] 在馆    
23 2001108885   2001108885   东辅楼二楼书库/ [索取号:F737.124.2/6] 在馆    
24 2001108886   2001108886   东辅楼二楼书库/ [索取号:F737.124.2/6] 在馆    
25 2001108887   2001108887   东辅楼二楼书库/ [索取号:F737.124.2/6] 在馆    
26 2001108888   2001108888   东辅楼二楼书库/ [索取号:F737.124.2/6] 在馆    
27 2001108889   2001108889   东辅楼二楼书库/ [索取号:F737.124.2/6] 在馆    
28 2001108890   2001108890   东辅楼二楼书库/ [索取号:F737.124.2/6] 在馆    
29 2001108891   2001108891   东辅楼二楼书库/ [索取号:F737.124.2/6] 在馆    
30 2001108892   2001108892   东辅楼二楼书库/ [索取号:F737.124.2/6] 在馆    
山东省滨州职业学院图书馆 欢迎您!
大连网信软件有限公司© 版权所有